Карбонилирование бензилового спирта в присуствии родиевых катализаторов; Нефтехимия; Т. 43, № 3

Detalles Bibliográficos
Parent link:Нефтехимия: научный журнал/ Российская академия наук (РАН).— , 1963-.— 0028-2421
Т. 43, № 3.— 2003.— С. 168-172
Otros Autores: Колесниченко Н. В., Маркова Н. А., Батов А. Е., Воронина З. Д., Панина О. А., Французов В. К., Сливинский Е. В.
Lenguaje:ruso
Publicado: 2003
Materias:
Formato: MixedMaterials Capítulo de libro
KOHA link:https://koha.lib.tpu.ru/cgi-bin/koha/opac-detail.pl?biblionumber=390228

MARC

LEADER 00000naa2a2200000 4500
001 390228
005 20231101063940.0
035 |a (RuTPU)RU\TPU\prd\23112 
090 |a 390228 
100 |a 20040224a2003 k y0rusy50 ca 
101 0 |a rus 
102 |a RU 
200 1 |a Карбонилирование бензилового спирта в присуствии родиевых катализаторов  |f Н. В. Колесниченко, Н. А. Маркова, А. Е. Батов и др. 
320 |a Библиогр.: 5 назв. 
461 1 |0 (RuTPU)RU\TPU\prd\1600  |x 0028-2421  |t Нефтехимия  |o научный журнал  |f Российская академия наук (РАН)  |d 1963- 
463 1 |0 (RuTPU)RU\TPU\prd\16659  |t Т. 43, № 3  |v С. 168-172  |d 2003 
610 1 |a бензиловый спирт 
610 1 |a карбонилирование 
610 1 |a родиевые катализаторы 
610 1 |a фенилуксусная кислота 
701 1 |a Колесниченко  |b Н. В. 
701 1 |a Маркова  |b Н. А. 
701 1 |a Батов  |b А. Е. 
701 1 |a Воронина  |b З. Д. 
701 1 |a Панина  |b О. А. 
701 1 |a Французов  |b В. К. 
701 1 |a Сливинский  |b Е. В. 
801 1 |a RU  |b 63413507  |c 20040224  |g PSBO 
801 2 |a RU  |b 63413507  |c 20131017  |g PSBO 
942 |c BK